000
00274nam a22001217a 4500
008
170315b xxu||||| |||| 00| 0 eng d0721615627
041
_a
eng
080
_2
3 ED
_a
591
100
_a
7
101
_a
SHM
245
_a
INVERTEBRATE ZOOLOGY
_c
BARNES.R.D
942
_2
udc
_c
BK
999
_c
7827
_d
7827